000 00438nam a22001817a 4500
003 CEME
005 20210628202811.0
008 210127b xxu||||| |||| 00| 0 eng d
020 _a81-7649-488-7
040 _c.
082 _a658.4092 ROS
100 _aRossiter, Diane E
_961691
245 _aLeadership skills
260 _aNEW DELHI
_bVIVA BOOKS
_c2003
300 _a128P
650 _aLEADERSHIP SKILLS
_961692
942 _cBK
_2ddc
999 _c571059
_d571059